Latin American diplomatic history an introduction (Registro nro. 90482)

Detalles MARC
000 -ENCABEZADO
Número de control [NR] 00776nam a22002057a 4500
008 - DE LONGITUD FIJA DE DATOS DE ELEMENTOS - INFORMACIÓN GENERAL
Elementos de longitud fija [NR] 130821s1977 xxu gr eng
020 ## - NUMERO INTERNACIONAL NORMALIZADO PARA LIBROS [R]
Número Internacional Normalizado del libro [NR] 0807102601
040 ## - FUENTE DE CATALOGACION [NR]
Agencia de catalogación original [NR] Co-BoUCM
Idioma de catalogación [NR] spa
041 00 - CODIGO DE IDIOMA [R]
Código de idioma para texto/pista de sonido o título separado [R] Inglés
100 1# - ASIENTO PRINCIPAL--NOMBRE PERSONAL [NR]
Nombre personal [NR] Davis, Harold Eugene
Fechas asociadas con el nombre [NR] 1902-
245 10 - MENCION DE TITULO [NR]
Título [NR] Latin American diplomatic history an introduction
Mención de responsabilidad, etc. [NR] Harold Eugene Davis, John J. Finan, F. Taylor Peck.
260 ## - PUBLICACION, DISTRIBUCION, ETC. (PIE DE IMPRENTA) [R]
Lugar de publicación, distribución, etc. [R] Baton Rouge (Luisiana, Estados Unidos)
Nombre del editor, distribuidor, etc. [R] Louisiana State University Press
Fecha de publicación, distribución, etc. [R] 1977
300 ## - DESCRIPCION FISICA [R]
Extensión [R] viii, 301 páginas
504 ## - NOTA DE BIBLIOGRAFIA, ETC. [R]
Nota de bibliografía, etc. [NR]
651 #7 - ASIENTO SECUNDARIO DE MATERIA - NOMBRE GEOGRAFICO [R]
Nombre geográfico [NR] América Latina
Geographic name following place entry element [OBSOLETE] Relaciones internacionales
9 (RLIN) 26570
700 1# - ASIENTO SECUNDARIO - NOMBRE PERSONAL [R]
Nombre personal [NR] Finan, John J.
Fechas asociadas con el nombre [NR] 1925-
700 1# - ASIENTO SECUNDARIO - NOMBRE PERSONAL [R]
Nombre personal [NR] Peck, Frederic Taylor
Fechas asociadas con el nombre [NR] 1920-
942 ## - ELEMENTOS DE ENTRADA AGREGADOS (KOHA)
Tipo de ítem principal el descrito en 300a Libro
Tema principal Ciencia política
Edición 1
Parte restante de la signatura top. D191
Sistema de clasificación DEWEY
Clasificación 327.8
Existencias
Total préstamos Signatura topográfica Código de barras Última vez visto Ejemplar Price effective from Tipo de ítem Perdido Sistema de clasificación Dañado No prestable Tipo de ítem específico Suprimido Ubicación habitual Ubicación actual Localización Fecha de creación Forma de adquisición Costo
  327.8 D191 3000064 15/12/2012 Ej.1 03/02/2013 Libro   DEWEY     Libro     Bib. Cavelier Acavalier 28/02/2013   0.00